Statistiques concernant Jeu vidéo par lettre - K

Cliquez ici pour prendre le quiz!

Statistiques générales

  • Ce quiz a été pris 429 fois
    (252 depuis la dernière actualisation)
  • Le résultat moyen est 12 sur 20

Statistiques - réponses

IndicesRéponses% Correct
Personnage emblématique de la série Street Fighter avec RyuKen
98%
Famille de gorilles composée de Donkey, Diddy, Cranky, Dixy, Funky,...Kong
98%
Petite boule rose qui n'a jamais les yeux plus gros que le ventreKirby
95%
Dieu du pouvoir, protagoniste de la série God of WarKratos
85%
Sujets de Bowser, pouvant être Troopa ou Para par exempleKoopas
84%
Série de jeux d'action-RPG mettant en scène des personnages DisneyKingdom Hearts
81%
Huitième ville japonaise, siège du géant du jeu vidéo NintendoKyoto
80%
Périphérique muni d'une caméra utilisable sur les Xbox 360 et OneKinect
78%
Pokémon à l'origine et défenseur des terres immergées, associé au saphir et s'opposant à GroudonKyogre
76%
Oiseau rouge qui accompagne l'ours Banjo dans ses aventuresKazooie
68%
Policier puis agent secret américain emblématique de la série Resident Evil, partageant son nom avec un Président lui aussi américainLeon S. Kennedy
67%
Société de développement japonaise célèbre pour Frogger, Castlevania, Silent Hill,...Konami
55%
Membre emblématique de cette société, essentiellement connu pour la série des Metal GearHideo Kojima
54%
Série de jeux d'action-plateformes se déroulant dans le Royaume des Anges dont l'un des protagonistes est PitKid Icarus
54%
Crocodile ayant essayé de voler de stock de bananes de cette famille à plusieurs reprisesKing K. Rool
48%
Série de jeux de combat de SNK, crossover de Fatal Fury et Art of Fighting, dans laquelle apparaît notamment Terry BogartThe {King} {of} {Fighters}
33%
Scientifique déjanté du royaume champignon qui a notamment créé l'ectoblast de LuigiProfesseur {Karl Tastroff}
32%
Héros des beat'em up Like a Dragon, aussi connus sous le nom de YakuzaKazuma Kiryu
9%
Série de jeux de combat de Rare débutée en 1994 sur arcade, Super NES et Game Boy, mettant en scène Fulgore, Glacius ou encore SpinalKiller Instinct
9%
Lapin-chat anthropomorphe rêveur dit "du Vent", donnant son nom à sa propre série de jeux de plateformes, se servant de son anneau pour double-sauter notammentKlonoa
6%

Distribution des résultats

Percentile par nombre de réponses

% des personnes avec chaque résultat

Votre développement - résultats

Vous n’avez pas pris ce quiz depuis la dernière actualisation